| 000 | 00414nam a2200145 4500 | ||
|---|---|---|---|
| 008 | 160321b xxu||||| |||| 00| 0 eng d | ||
| 082 |
_22011 _aDC 320.973 _bOk41a |
||
| 100 |
_94093 _aOkawa, Ryuho |
||
| 245 |
_aAiming to achieve ideal politics/ _cRyuho Okawa. |
||
| 260 |
_aTokyo: _bHappy Science, _cc2011. |
||
| 300 |
_a43 pages; _c18 cm. |
||
| 650 | 0 |
_910116 _aPolitics |
|
| 650 | 0 |
_94096 _aSuccess. |
|
| 942 |
_2ddc _cDC |
||
| 999 |
_c3028 _d3028 |
||